<?xml version="1.0" encoding="UTF-8"?>
<collection xmlns="http://www.loc.gov/MARC21/slim">
 <record>
  <leader>01731nam a2200229Ia 4500</leader>
  <controlfield tag="001">CTU_159145</controlfield>
  <controlfield tag="008">210402s9999    xx            000 0 und d</controlfield>
  <datafield tag="020" ind1=" " ind2=" ">
   <subfield code="c">96.03</subfield>
  </datafield>
  <datafield tag="082" ind1=" " ind2=" ">
   <subfield code="a">571.17</subfield>
  </datafield>
  <datafield tag="082" ind1=" " ind2=" ">
   <subfield code="b">P578</subfield>
  </datafield>
  <datafield tag="245" ind1=" " ind2="4">
   <subfield code="a">The physiology of fishes</subfield>
  </datafield>
  <datafield tag="245" ind1=" " ind2="0">
   <subfield code="c">David H. Evans, James B. Claiborne</subfield>
  </datafield>
  <datafield tag="260" ind1=" " ind2=" ">
   <subfield code="a">Boca Raton, FL</subfield>
  </datafield>
  <datafield tag="260" ind1=" " ind2=" ">
   <subfield code="b">CRC, Taylor &amp; Francis</subfield>
  </datafield>
  <datafield tag="260" ind1=" " ind2=" ">
   <subfield code="c">2006</subfield>
  </datafield>
  <datafield tag="520" ind1=" " ind2=" ">
   <subfield code="a">New scientific approaches have dramatically evolved in the decade since The Physiology of Fishes was first published. With the genomic revolution and a heightened understanding of molecular biology, we now have the tools and the knowledge to apply a fresh approach to the study of fishes. Consequently, The Physiology of Fishes, Third Edition is not merely another updating, but rather an entire reworking of the original. To satisfy that need for a fresh approach, the editors have employed a new set of expert contributors steeped in the very latest research; their contemporary perspective pervades the entire text. In addition to new chapters on gas transport, temperature physiology, and stress, as well as one dedicated to functional genomics, readers will discover that many of these new contributors approach their material with a contemporary molecular perspective. While much of the material is new, the editors have completely adhered to the original's style in creating a text that continues to be highly readable and perpetually insightful in bridging the gap between pure and applied science.</subfield>
  </datafield>
  <datafield tag="526" ind1=" " ind2=" ">
   <subfield code="a">Chuyên đề tổng hợp kiến thức cơ sở</subfield>
  </datafield>
  <datafield tag="526" ind1=" " ind2=" ">
   <subfield code="b">TSN607</subfield>
  </datafield>
  <datafield tag="650" ind1=" " ind2=" ">
   <subfield code="a">Fishes</subfield>
  </datafield>
  <datafield tag="650" ind1=" " ind2=" ">
   <subfield code="x">Physiology</subfield>
  </datafield>
  <datafield tag="904" ind1=" " ind2=" ">
   <subfield code="i">QHieu</subfield>
  </datafield>
  <datafield tag="980" ind1=" " ind2=" ">
   <subfield code="a">Trung tâm Học liệu Trường Đại học Cần Thơ</subfield>
  </datafield>
 </record>
</collection>
